| 000 | 01126naa a2200337 c 4500 | ||
|---|---|---|---|
| 001 | 37977 | ||
| 003 | ES-MaCES | ||
| 005 | 20150925133839.0 | ||
| 008 | 070824n2006 ne t ||0 | eng d | ||
| 035 | _aCES20070005106v | ||
| 040 |
_aES-MaCES _bspa _cES-MaCES |
||
| 100 | 1 |
_aEpifani, Paolo _911317 |
|
| 245 | 1 | 0 |
_aIncreasing returns, imperfect competition, and factor prices _cPaolo Epifani and Gino Gancia |
| 500 | _aApéndice | ||
| 500 | _aResumen | ||
| 504 | _aBibliografía: p. 597-598 | ||
| 650 | 4 |
_ateoría económica _927076 |
|
| 650 | 4 |
_amodelo econométrico _929368 |
|
| 650 | 4 |
_amano de obra _928295 |
|
| 650 | 4 |
_acoste _928279 |
|
| 650 | 4 |
_adistribución del ingreso _927109 |
|
| 650 | 4 |
_amodelo de crecimiento _927077 |
|
| 650 | 4 |
_aprecio _927915 |
|
| 653 | 1 | 0 | _aEconomía |
| 650 | 4 |
_927897 _acompetencia |
|
| 700 | 1 |
_aGancia, Gino _912690 |
|
| 773 | 0 |
_tThe review of Economics and Statistics _gvol. 88, no. 4 (Nov. 2006){10195 R. 066387}; p. [583]-598 _w(ES-MaCES)25211 _943199 |
|
| 902 | _aART Artículo de revista | ||
| 942 |
_2CES _cAR _h0.0. |
||
| 999 |
_c37977 _d37977 |
||